|
|
|
|
| LEADER |
02404nam a22004455i 4500 |
| 001 |
978-3-319-35158-2 |
| 003 |
DE-He213 |
| 005 |
20160927112221.0 |
| 007 |
cr nn 008mamaa |
| 008 |
160810s2016 gw | s |||| 0|eng d |
| 020 |
|
|
|a 9783319351582
|9 978-3-319-35158-2
|
| 024 |
7 |
|
|a 10.1007/978-3-319-35158-2
|2 doi
|
| 040 |
|
|
|d GrThAP
|
| 100 |
1 |
|
|a Craw, Dave.
|e author.
|
| 245 |
1 |
0 |
|a Macraes Orogenic Gold Deposit (New Zealand)
|h [electronic resource] :
|b Origin and Development of a World Class Gold Mine /
|c by Dave Craw, Doug MacKenzie.
|
| 264 |
|
1 |
|a Cham :
|b Springer International Publishing :
|b Imprint: Springer,
|c 2016.
|
| 300 |
|
|
|a XII, 127 p. 83 illus. in color.
|b online resource.
|
| 336 |
|
|
|a text
|b txt
|2 rdacontent
|
| 337 |
|
|
|a computer
|b c
|2 rdamedia
|
| 338 |
|
|
|a online resource
|b cr
|2 rdacarrier
|
| 347 |
|
|
|a text file
|b PDF
|2 rda
|
| 490 |
1 |
|
|a SpringerBriefs in World Mineral Deposits,
|x 2509-7857
|
| 505 |
0 |
|
|a Introduction -- Geological setting -- Host rocks -- Large scale structure -- Mesoscopic structure -- Mineralogy and paragenesis -- Geochemistry -- Graphite -- Isotopic studies -- Genesis -- Mining, processing and environmental issues -- Conclusions -- Acknowledgements -- References. .
|
| 520 |
|
|
|a This book describes the nature and origin of the Macraes gold deposit. It also documents the key features of this spectacular deposit for a wide range of professionals in the resource geology community. This world-class gold deposit has been a spectacular geological and economic success story, as it has developed from a small historical gold mine in discontinuous quartz veins measuring only meters to a large-scale mine in deposits spreading over kilometres in extensive disseminated gold-bearing rock.
|
| 650 |
|
0 |
|a Earth sciences.
|
| 650 |
|
0 |
|a Economic geology.
|
| 650 |
|
0 |
|a Structural geology.
|
| 650 |
|
0 |
|a Mineral resources.
|
| 650 |
1 |
4 |
|a Earth Sciences.
|
| 650 |
2 |
4 |
|a Mineral Resources.
|
| 650 |
2 |
4 |
|a Economic Geology.
|
| 650 |
2 |
4 |
|a Structural Geology.
|
| 700 |
1 |
|
|a MacKenzie, Doug.
|e author.
|
| 710 |
2 |
|
|a SpringerLink (Online service)
|
| 773 |
0 |
|
|t Springer eBooks
|
| 776 |
0 |
8 |
|i Printed edition:
|z 9783319351575
|
| 830 |
|
0 |
|a SpringerBriefs in World Mineral Deposits,
|x 2509-7857
|
| 856 |
4 |
0 |
|u http://dx.doi.org/10.1007/978-3-319-35158-2
|z Full Text via HEAL-Link
|
| 912 |
|
|
|a ZDB-2-EES
|
| 950 |
|
|
|a Earth and Environmental Science (Springer-11646)
|